Fioretti dei Padri del deserto. Antologia di detti dei monaci del IV secolo (Record n. 102501)

Dettagli MARC
000 -LEADER
fixed length control field 02089njm a2200301Ia 4500
001 - CONTROL NUMBER
control field H8627
003 - CONTROL NUMBER IDENTIFIER
control field IT-RoPAU
005 - DATE AND TIME OF LATEST TRANSACTION
control field 20220918181155.0
008 - FIXED-LENGTH DATA ELEMENTS--GENERAL INFORMATION
fixed length control field 131025s9999 xx 000 0 und d
040 ## - CATALOGING SOURCE
Original cataloging agency IT-RoPAU
040 ## - CATALOGING SOURCE
Transcribing agency IT-RoPAU
041 ## - LANGUAGE CODE
Language code of text/sound track or separate title ITALIANO
999 ## - SYSTEM CONTROL NUMBERS (KOHA)
Koha Dewey Subclass [OBSOLETE] n.d.
100 ## - MAIN ENTRY--PERSONAL NAME
Personal name AA.VV.
9 (RLIN) 794
100 ## - MAIN ENTRY--PERSONAL NAME
Relator term Autore musica
9 (RLIN) 33681
100 ## - MAIN ENTRY--PERSONAL NAME
Miscellaneous information Codice autore musica SPICS: 12000
9 (RLIN) 796
245 ## - TITLE STATEMENT
Title Fioretti dei Padri del deserto. Antologia di detti dei monaci del IV secolo
250 ## - EDITION STATEMENT
Edition statement 1a ed.
260 ## - PUBLICATION, DISTRIBUTION, ETC. (IMPRINT)
Place of publication, distribution, etc. MILANO
260 ## - PUBLICATION, DISTRIBUTION, ETC. (IMPRINT)
Name of publisher, distributor, etc. MULTIMEDIA SAN PAOLO
Date of publication, distribution, etc. 2008 [1a Ed.:2008 - Ed. Lingua Orig.: 2008]
300 ## - PHYSICAL DESCRIPTION
Extent COMPACT DISC
500 ## - GENERAL NOTE
General note Parlato religioso con musica di sottofondo e stacchi musicali. File in Mp3.
505 ## - FORMATTED CONTENTS NOTE
Formatted contents note Diviso in 6 Capitoli. 1 E' forse qui la misericordia di Dio? - Va vendi tutto quello che hai - Beati i misericordiosi - Guardatevi dagli uomini - Pregate e vigilate - Non giudicate - Porgi l'altra guancia - Se qualcuno viene a me. 2 Tu quando preghi chiuditi in camera - Perchè digiunare - Ogni volta che avete fatto queste cose - Preghiera del giusto - Chi ha pietà dei poveri impresta a Dio - Se il tuo occhio è malato - Ero affamato - Siate semplici come colombe. 3 Alzati e abbi fede - Preghiera del cuore - Chi si umilia sarà esaltato - Dono compunzione - Non abbiate paura - Valore della sofferenza - Rimetti a noi i nostri Ddbiti - Dov'è il tuo piccolo Vangelo. 4 A te si abbandona il povero - Dio padre di misericordia - Non chi dice Signore Signore - Ecco parte di Cristo - Dio mi vede - Marco il folle. 5 Vita di santo Andronico e sua moglie Anastasia - Lascia ciò che porti - A proposito della monaca che si fingeva ubriaca. 6 Dove due di voi sono uniti - Monaco di nome Lula - Santo mendicante - Io sono straniero su questa terra - Io sono matto! - Non dire falsa testimonianza.
511 ## - PARTICIPANT OR PERFORMER NOTE
Participant or performer note Dizione di Nardacci Benedetto
650 ## - SUBJECT ADDED ENTRY--TOPICAL TERM
Topical term or geographic name as entry element RELIGIOSO [COMPACT DISC]
Relator term Codice MATERIA SPICS: 9949
9 (RLIN) 14031
700 ## - ADDED ENTRY--PERSONAL NAME
Personal name AA.VV.
Relator term Autore testo e musica
Miscellaneous information Codice autore testo/musica SPICS: 12000
9 (RLIN) 33682
942 ## - ADDED ENTRY ELEMENTS (KOHA)
Koha item type CD AUDIO
Source of classification or shelving scheme Dewey Decimal Classification
Dati di copia
Withdrawn status Lost status Damaged status Not for loan Home library Current library Date acquired Total Checkouts Full call number Date last seen Price effective from Koha item type Public note
    Buone Condizioni Not For Loan SPICS-MEDIATECA SPICS-MEDIATECA 25/10/2013   H8627 25/10/2013 25/10/2013 CD AUDIO Progr. Ins.: 23172 / N.Vol.: 1 / Copie: 1 - Copia rara: n.d. / date import: 01.01.2014 - By Epidotti, Trombetti, Vaglietti
CREDITS: SOCIETA' SAN PAOLO Via A.Severo, 58 - ROMA (RM) & PERIODICI SAN PAOLO SRL Via Giotto, 36 MILANO & CISF Via Giotto, 36 MILANO & EDIZIONI SAN PAOLO SRL,  Piazza Soncino, 5 CINISELLO BALSAMO (MI) -- ITALY